000 00472nam a22001817a 4500
003 CEME
005 20210628210713.0
008 210211b xxu||||| |||| 00| 0 eng d
020 _a0-13-842378-4
040 _c.
082 _a005.4469 MOH
100 _aMohr, james
_980624
245 _aLinux user's resource developer's resource
260 _aNEW JERSEY
_bPRENTICE HALL
_c1998
300 _a800P
650 _aLINUX OPERATING SYSTEM-LINUX
_980625
942 _cBK
_2ddc
999 _c585523
_d585523